000 00776nam a22002297a 4500
003 UA-OsUOA
001 28776
007 ta
008 20050504b un ||||| |||| 00| 0 ukr d
090 _a94(477)07(092)
_bП41
942 _cBK
040 _aUA-OsUOA
_brus
_cUA-OsUOA
_dUA-OsUOA
245 _aПобеда Великой Октябрьской социалистической революции и установление советской власти на Украине ( Сборник документов и материалов)
_cРед. С. М.Короливского
300 _a510 с.
955 _a0
041 _arus
080 _a94(477)07(092)
260 _aК.
_bПолитиздат
_c1951
044 _aUA
650 7 _2UDC
999 _c315148
_d315148